LEADER 01949nam 2200601zu 450 001 9910133163503321 005 20210807004408.0 010 $a1-884733-14-X 035 $a(CKB)3390000000045518 035 $a(SSID)ssj0000614872 035 $a(PQKBManifestationID)12223669 035 $a(PQKBTitleCode)TC0000614872 035 $a(PQKBWorkID)10605485 035 $a(PQKB)11654077 035 $a(EXLCZ)993390000000045518 100 $a20160829d2000 uy 101 0 $aeng 181 $ctxt 182 $cc 183 $acr 200 14$aThe tanker war, 1980-88 : law and policy 210 31$a[Place of publication not identified]$cNaval War College$d2000 225 0 $aInternational law studies The tanker war, 1980-88 300 $aBibliographic Level Mode of Issuance: Monograph 606 $aWar, Maritime (International law)$xNaval operations$zPersian Gulf 606 $aSelf-defense (International law) 606 $aFreedom of the seas 606 $aLaw of the sea 606 $aMerchant ships 606 $aIran-Iraq War, 1980-1988 606 $aInternational Law$2HILCC 606 $aLaw, Politics & Government$2HILCC 606 $aTreaties, International$2HILCC 606 $aInternational Law - General$2HILCC 607 $aHormuz, Strait of 615 0$aWar, Maritime (International law)$xNaval operations 615 0$aSelf-defense (International law) 615 0$aFreedom of the seas 615 0$aLaw of the sea 615 0$aMerchant ships 615 0$aIran-Iraq War, 1980-1988 615 7$aInternational Law 615 7$aLaw, Politics & Government 615 7$aTreaties, International 615 7$aInternational Law - General 676 $a341 s 676 $a955.05/42 700 $aWalker$b George K$01228551 801 0$bPQKB 906 $aBOOK 912 $a9910133163503321 996 $aThe tanker war, 1980-88 : law and policy$92852096 997 $aUNINA LEADER 02150nam a2200529 i 4500 001 991001931039707536 005 20020508183851.0 008 940323s1993 it ||| | ita 020 $a8870482472 035 $ab10934170-39ule_inst 035 $aPARLA151407$9ExL 040 $aDip.to Filosofia$bita 100 1 $aFiorentino, Fernando$0467095 245 10$aAmbienti, filosofi e problemi /$cFernando Fiorentino 260 $aLecce :$bMilella,$cc1993 300 $a2 v. ( 479 p.) ;$c24 cm. 490 0 $aPubblicazioni del Dipartimento di Filosofia - sez. Saggi ;$v3 600 14$aBaumgarten, Alexander Gottlieb 600 14$aCollins, Anthony 600 14$aCondillac, Etienne :$cBonnet de 650 4$aDeismo 650 4$aDescartes, Rene 650 4$aFilosofia 650 4$aHobbes, Thomas 650 4$aHume, David 650 4$aIlluminismo 650 4$aLeibniz, Gottfried Wilhelm 650 4$aLessing, Gotthold Ephraim 650 4$aLocke, John 650 4$aMalebranche, Nicolas 650 4$aMontesquieu 650 4$aPascal, Blaise 650 4$aRousseau, Jean Jacques 650 4$aTindal, Matthew 650 4$aToland, John 650 4$aVico, Giambattista 907 $a.b10934170$b23-02-17$c28-06-02 912 $a991001931039707536 945 $aLE005 MF 26 C 18$g1$i2005000196096$lle005$o-$pE0.00$q-$rl$s- $t0$u2$v2$w2$x0$y.i11040038$z28-06-02 945 $aLE005 MF 26 C 18 bis$g1$i2005000196102$lle005$o-$pE0.00$q-$rl$s- $t0$u8$v4$w8$x0$y.i1104004x$z28-06-02 945 $aLE005 MF 26 C 18 ter$g2$i2005000196119$lle005$o-$pE0.00$q-$rl$s- $t0$u0$v0$w0$x0$y.i11040051$z28-06-02 945 $aLE005 MF 26 C 18 quater$g1$i2005000196126$lle005$o-$pE0.00$q-$rl$s- $t0$u0$v0$w0$x0$y.i11040063$z28-06-02 945 $aLE005 MF 26 C 18 quinq.$g3$i2005000196133$lle005$o-$pE0.00$q-$rl$s- $t0$u0$v0$w0$x0$y.i11040075$z28-06-02 945 $aLE009 STOR. 08.1-335a$cV. 2$g1$i2009000260962$lle009$o-$pE18.00$q-$rl$s- $t0$u1$v2$w1$x0$y.i13532704$z26-05-04 996 $aAmbienti, filosofi e problemi$9919703 997 $aUNISALENTO 998 $a(5)le005$ale009$b01-01-94$cm$da $e-$fita$git $h0$i5